[Event "Figueres Mas op-B 23rd"]
[Site "Figueres"]
[Date "2022.08.17"]
[Round "8"]
[White "Arambulo Urbaneta, Henry Jose"]
[Black "Marull Duch, Miquel"]
[Result "1-0"]
[WhiteElo "1601"]
[BlackElo "1493"]
[PlyCount "97"]
[EventDate "2022.08.11"]
[EventType "swiss"]
[EventRounds "9"]
[EventCountry "ESP"]
[SourceTitle "EXT 2023"]
[Source "ChessBase"]
[SourceDate "2022.10.05"]
[SourceVersion "1"]
[SourceVersionDate "2022.10.05"]
[SourceQuality "1"]

1. c4 Nf6 2. Nc3 g6 3. g3 Bg7 4. Bg2 0-0 5. d3 e5 6. e4 d6 7. Nge2 Bd7 8. 0-0 Qc8 9. a3 Bh3 10. Be3 Bxg2 11. Kxg2 b6 12. h3 Nc6 13. b4 a5 14. b5 Ne7 15. Qd2 Nd7 16. f4 Nc5 17. Bxc5 dxc5 18. Rad1 Rd8 19. Nd5 Nxd5 20. exd5 Re8 21. fxe5 Rxe5 22. a4 Qe8 23. Nc3 Qe7 24. Rde1 Re8 25. Rxe5 Qxe5 26. Ne4 f5 27. Ng5 Bh6 28. h4 Bxg5 29. hxg5 Kg7 30. Rf2 Qe3 31. Qb2+ Qe5 32. Qxe5+ Rxe5 33. Kf3 h6 34. gxh6+ Kxh6 35. Rh2+ Kg7 36. Re2 Rxe2 37. Kxe2 g5 38. Ke3 Kf6 39. d4 cxd4+ 40. Kxd4 f4 41. gxf4 gxf4 42. Ke4 Ke7 43. Kxf4 Kd6 44. Ke4 Kc5 45. Kd3 Kb4 46. Kd4 Kxa4 47. Kc3 Ka3 48. c5 Ka4 49. d6 1-0

[Event "Figueres Mas op-B 23rd"]
[Site "Figueres"]
[Date "2022.08.14"]
[Round "5"]
[White "Pereira Garcia, Josep Ramon"]
[Black "Arambulo Urbaneta, Henry Jose"]
[Result "1/2-1/2"]
[WhiteElo "1588"]
[BlackElo "1601"]
[PlyCount "80"]
[EventDate "2022.08.11"]
[EventType "swiss"]
[EventRounds "9"]
[EventCountry "ESP"]
[SourceTitle "EXT 2023"]
[Source "ChessBase"]
[SourceDate "2022.10.05"]
[SourceVersion "1"]
[SourceVersionDate "2022.10.05"]
[SourceQuality "1"]

1. e4 e6 2. d4 d5 3. exd5 exd5 4. g3 Nf6 5. Bg2 Bd6 6. Nf3 0-0 7. 0-0 Bg4 8. Bg5 Nbd7 9. Nc3 c6 10. Qd3 h6 11. Be3 Qc7 12. Ne2 Rae8 13. Rae1 Ne4 14. Nd2 f5 15. f3 Nxd2 16. Qxd2 Bh5 17. Nf4 Bf7 18. Bh3 g5 19. Nd3 Bg6 20. f4 g4 21. Bg2 Nf6 22. Ne5 Kg7 23. b3 a5 24. Re2 Re7 25. c3 b5 26. b4 a4 27. a3 Nd7 28. Rfe1 Rfe8 29. h3 h5 30. hxg4 hxg4 31. Kf2 Rh8 32. Rh1 Ree8 33. Ree1 Nb6 34. Qc1 Qc8 35. Rxh8 Rxh8 36. Rh1 Bxe5 37. fxe5 Rxh1 38. Qxh1 Qh8 39. Qc1 Kf7 40. Bg5 Ke6 1/2-1/2

[Event "Figueres Mas op-B 23rd"]
[Site "Figueres"]
[Date "2022.08.11"]
[Round "1"]
[White "Cantenys Pages, Carles"]
[Black "Arambulo Urbaneta, Henry Jose"]
[Result "0-1"]
[WhiteElo "1361"]
[BlackElo "1601"]
[PlyCount "60"]
[EventDate "2022.08.11"]
[EventType "swiss"]
[EventRounds "9"]
[EventCountry "ESP"]
[SourceTitle "EXT 2023"]
[Source "ChessBase"]
[SourceDate "2022.10.05"]
[SourceVersion "1"]
[SourceVersionDate "2022.10.05"]
[SourceQuality "1"]

1. e4 e6 2. c4 d5 3. exd5 exd5 4. cxd5 Qxd5 5. d3 Nf6 6. Nc3 Bb4 7. Nf3 0-0 8. Be2 Nc6 9. 0-0 Bxc3 10. bxc3 Bf5 11. Nh4 Be6 12. Nf3 h6 13. a3 Rad8 14. Bb2 Bf5 15. c4 Qd6 16. d4 Ne4 17. d5 Ne7 18. Be5 Qd7 19. Rb1 b6 20. Nd4 Nc3 21. Qb3 Nxb1 22. Nxf5 Qxf5 23. Qg3 Ng6 24. Bd3 Qxe5 25. Bxg6 Qxg3 26. Bxf7+ Rxf7 27. hxg3 Nc3 28. Re1 Kf8 29. Re6 Rd6 30. Re3 Na4 0-1

[Event "Catalunya-chT GpA final"]
[Site "Barcelona"]
[Date "2018.03.17"]
[Round "2.10"]
[White "Arambulo Urbaneta, Henry Jose"]
[Black "Martinez Talavera, Jordi"]
[Result "0-1"]
[WhiteElo "1500"]
[BlackElo "1998"]
[PlyCount "66"]
[EventDate "2018.03.10"]
[EventType "team-tourn"]
[EventRounds "4"]
[EventCountry "ESP"]
[SourceTitle "CBM 183 Extra"]
[Source "ChessBase"]
[SourceDate "2018.04.19"]
[SourceVersion "1"]
[SourceVersionDate "2018.04.19"]
[SourceQuality "1"]
[WhiteTeam "Figueres"]
[BlackTeam "Sant Josep de Badalona"]
[WhiteTeamCountry "ESP"]
[BlackTeamCountry "ESP"]

1. d4 e6 2. e3 c5 3. c3 d5 4. Bd3 Nc6 5. f4 f5 6. Nf3 Nf6 7. Nbd2 c4 8. Bc2 Qa5 9. 0-0 b5 10. Ne5 Nxe5 11. fxe5 Ng8 12. e4 dxe4 13. Nxe4 Bb7 14. Ng5 Qb6 15. Be3 Ne7 16. Qh5+ g6 17. Qe2 Nd5 18. a4 h6 19. Nf3 Nxe3 20. Qxe3 Rg8 21. axb5 g5 22. Nd2 Bd5 23. Qe2 Qc7 24. Ra4 g4 25. Nxc4 f4 26. Nb6 g3 27. Nxd5 gxh2+ 28. Kxh2 exd5 29. Qf3 Rg3 30. Qd1 Qg7 31. Qh5+ Kd8 32. Qe2 f3 33. gxf3 Qg5 0-1

[Event "Girona-ch "]
[Site "Girona"]
[Date "2017.10.08"]
[Round "1"]
[White "Salagran Ferragut, Guillem"]
[Black "Arambulo Urbaneta, Henry Jose"]
[Result "1-0"]
[WhiteElo "2000"]
[BlackElo "1545"]
[PlyCount "67"]
[EventDate "2017.10.08"]
[EventType "swiss"]
[EventRounds "9"]
[EventCountry "ESP"]
[SourceTitle "CBM 181 Extra"]
[Source "ChessBase"]
[SourceDate "2017.12.12"]
[SourceVersion "1"]
[SourceVersionDate "2017.12.12"]
[SourceQuality "1"]

1. e4 d5 2. exd5 Qxd5 3. Nc3 Qa5 4. Bc4 Nf6 5. d3 Bf5 6. Bd2 Qb6 7. Qe2 c6 8. 0-0-0 e6 9. h3 Nbd7 10. g4 Bg6 11. f4 0-0-0 12. Nf3 h5 13. Nh4 hxg4 14. Nxg6 fxg6 15. hxg4 Rxh1 16. Rxh1 Re8 17. Bxe6 Bb4 18. g5 Nd5 19. Qg4 Qc7 20. Nxd5 Bxd2+ 21. Kxd2 cxd5 22. Re1 Kd8 23. Bxd7 Rxe1 24. Kxe1 Qxd7 25. Qxd7+ Kxd7 26. Kf2 Ke6 27. Kg3 a5 28. Kg4 Kd6 29. c3 b5 30. b3 b4 31. c4 d4 32. Kg3 Kd7 33. Kf3 Ke6 34. Ke4 1-0